00844nam a2200229Ia 4500003000900000008004100009020001800050040001600068080001900084245012000103260003600223300001400259650004100273650003200314650003500346700002800381700002800409700002600437942000700463999001700470952012700487IN-BaIIA211028s9999 xx 000 0 eng d a0-8243-0940-5 cIIA Library a(05)52bANN-40 0aAnnual review of astronomy and astrophysicsbvol. 40cedited by Geoffrey Burbidge, Allan Sandage and Frank H. Shu  aPalo AltobAnnual Reviewsc2002 aix, 721p. aAstronomy and astrophysics thesaurus aAstronomy-Periodicals94087 aAstrophysics-Periodicals94088 aBurbidge, Geoffrey, ed. aSandage, A., ed.917045 aShu, F.H., ed.923508 cBK c14847d14847 00104070aBANbBANcGENd2002-12-02g9786.63l0o(05)52/ ANN-40p15769r2021-11-05v9786.63w2002-12-02yBKGRs. 9786.63